Η ψυχαναλυτική προσέγγιση της οικογένειας

Αποθηκεύτηκε σε:
Λεπτομέρειες βιβλιογραφικής εγγραφής
Κύριος συγγραφέας: Τσαμπαρλή-Κιτσαρά, Αναστασία
Μορφή: Βιβλίο
Γλώσσα:Greek
Δημοσίευση: Αθήνα : Παπαζήσης, 2011.
Σειρά:Οικογενειακή θεραπεία
Θέματα:
Ετικέτες: Προσθήκη ετικέτας
Δεν υπάρχουν, Καταχωρήστε ετικέτα πρώτοι!

MARC

LEADER 00000nam a2200000 i 4500
001 1/45527
008 140408s2011 gr ||| ||gre||
020 |a 9789600226379 
035 |l 10117317 
040 |a GR-MY-UA  |b gre  |e aacr 
041 0 |a gre 
082 7 |a 616.89156   |2 (22) 
100 1 |a Τσαμπαρλή-Κιτσαρά, Αναστασία. 
245 1 2 |a Η ψυχαναλυτική προσέγγιση της οικογένειας /   |c Αναστασία Τσαμπαρλή.  
260 |a Αθήνα :   |b Παπαζήσης,   |c 2011.  
300 |a 255 σ. ;   |c 24 εκ.  
490 1 |a (Οικογενειακή θεραπεία).  
500 |a 2η έκδ. βελτιωμένη.  
504 |a Βιβλιογραφία: σ. [239]-251.  
650 0 0 |a Family psychotherapy. 
650 0 0 |a Psychoanalytic therapy  |x Methods. 
650 0 0 |a Psychoanalysis  |z Greece. 
830 0 |a Οικογενειακή θεραπεία 
852 |a INST  |b RHODES  |c EUDOXUS  |e 20140408  |h 616.89156 ΤΣΑ  |p 005400036352  |q 005400036352  |t EDX  |y 0 
852 |a INST  |b RHODES  |c EUDOXUS  |e 20160530  |h 616.89156 ΤΣΑ  |p 005400038494  |q 005400038494  |t EDX  |y 0 
901 |a BIBL4-2014-1 
909 |a Ρ  |b 182857 
920 |a Εύδοξος  |b Παραγγελία  |y Ρόδος-ΠΤΔΕ  |z 2016-04 
920 |a Εύδοξος  |b Επιστροφή  |y Ρόδος  |z 2014-04 
970 |z 2014/04/08